Matematičeskije modeli pnevmogidravličeskich sistem /

Guardado en:
Detalles Bibliográficos
Autor principal: Glikman, Boris Fomič (Autor)
Formato: Libro
Lenguaje:ruso
Publicado: Moskva : Nauka, 1986
Edición:1.vyd.
Etiquetas: Agregar Etiqueta
Sin Etiquetas, Sea el primero en etiquetar este registro!

MARC

LEADER 00000nam a22000003a 4500
001 stu7380
005 20150617225809.6
008 950315s1986----xxr-----------------rus-d
040 |a STU  |b slo 
041 0 |a rus 
044 |a xxr 
080 |a 532.542 
080 |a 519.711.3 
100 1 |a Glikman, Boris Fomič  |4 aut 
245 1 |a Matematičeskije modeli pnevmogidravličeskich sistem /  |c [aut.] Glikman,B.F 
250 |a 1.vyd. 
260 |a Moskva :  |b Nauka,  |c 1986 
300 |a 365 s 
996 |c V*32267/O-13000  |l VV17  |s P  |a 0  |w stu7380_0002